000 01671nam a2200409Ia 4500
001 ebr10194089
003 CaPaEBR
006 m u
007 cr cn|||||||||
008 070103s2007 nyu sb 001 0 eng d
010 _z 2007061460
020 _z1403977658
020 _z9781403977656
040 _aCaPaEBR
_cCaPaEBR
035 _a(OCoLC)560442926
050 1 4 _aPS345
_b.S65 2007eb
100 1 _aSmith, Susan Harris.
245 1 0 _aPlays in American periodicals, 1890-1918
_h[electronic resource] /
_cSusan Harris Smith.
250 _a1st ed.
260 _aNew York :
_bPalgrave Macmillan,
_c2007.
300 _axvii, 224 p.
490 1 _aPalgrave studies in theatre and performance
504 _aIncludes bibliographical references and index.
533 _aElectronic reproduction.
_bPalo Alto, Calif. :
_cebrary,
_d2009.
_nAvailable via World Wide Web.
_nAccess may be limited to ebrary affiliated libraries.
650 0 _aAmerican drama
_y19th century
_xHistory and criticism.
650 0 _aAmerican drama
_y20th century
_xHistory and criticism.
650 0 _aJournalism and literature
_zUnited States
_xHistory.
650 0 _aAmerican periodicals
_xHistory.
650 0 _aLiterature and society
_zUnited States
_xHistory.
650 0 _aPolitics and literature
_zUnited States
_xHistory.
650 0 _aPolitics in literature.
650 0 _aSocial problems in literature.
655 7 _aElectronic books.
_2local
710 2 _aebrary, Inc.
830 0 _aPalgrave studies in theatre and performance.
856 4 0 _uhttp://site.ebrary.com/lib/rucke/Doc?id=10194089
_zAn electronic book accessible through the World Wide Web; click to view
999 _c221253
_d221253